书目信息 |
| 题名: |
红军长征简史
|
|
| 作者: | 力平 , 余熙山 , 志咸 编著 | |
| 分册: | ||
| 出版信息: | 武汉 湖北人民出版社 1986 |
|
| 页数: | 271页 | |
| 开本: | 20cm | |
| 丛书名: | ||
| 单 册: | ||
| 中图分类: | K264.4 | |
| 科图分类: | ||
| 主题词: | 二万五千里长征(1934~1936) | |
| 电子资源: | ||
| ISBN: | ||
| 000 | 00697nam0 2200253 45 | |
| 001 | 0186011926 | |
| 005 | 20050419164941.9 | |
| 010 | @dCNY2.35 | |
| 091 | @a11106.204 | |
| 100 | @a19930913d1986 emky0chiy0121 ea | |
| 101 | 0 | @achi |
| 102 | @aCN@b420000 | |
| 105 | @af z 000yy | |
| 200 | 10 | @a红军长征简史@Ahong jun chang zheng jian shi@f力平等编著@FLi Ping Deng Bian Zhu |
| 210 | @a武汉@c湖北人民出版社@d1986 | |
| 215 | @a271页@c图表@d20cm | |
| 606 | @a二万五千里长征(1934~1936) | |
| 690 | @aK264.4@v3 | |
| 701 | 0 | @a力平@4编著 |
| 701 | 0 | @a余熙山@4编著 |
| 701 | 0 | @a志咸@4编著 |
| 801 | 0 | @aCN@b深圳图书馆@c20041116 |
| 801 | 2 | @aCN@bNLC@c20041116 |
| 905 | @dK264.4@e26@b165324@f1 | |
| 红军长征简史/力平等编著.-武汉:湖北人民出版社,1986 |
| 271页:图表;20cm |
| ISBN :CNY2.35 |
| ● |
| 相关链接 |
|
|
|
|
正题名:红军长征简史
索取号:K264.4/26
 
预约/预借
| 序号 | 登录号 | 条形码 | 馆藏地/架位号 | 状态 | 备注 |
| 1 | 0165323 | 000352861 | 第二借阅区/ [索取号:K264.4/26] | 在馆 | |
| 2 | 0165324 | 002033114 | 第二借阅区/ [索取号:K264.4/26] | 在馆 | |
| 3 | 0165325 | 000352852 | 第二样本阅览室/ [索取号:K264.4/26] | 在馆 |